000 00412nam a22001577a 4500
020 _a9780070262171
040 _cNUST
082 _a621.4021
_bCEN
100 _aYunus A.. Cengel
_913419
110 _aMichael A. Boles
_9123958
245 _aThermodynamics An Engineering Approach
250 _aSixth Edition
260 _aNew Delhi:
_bTata McGraw Hill,
_c2008.
650 _aThermodynamics
942 _2ddc
_cBK
999 _c609953
_d609953